Co oznaczają określenie chuligańskie? - Statystyki

Ogólne statystyki
  • Ten quiz został rozwiązany 32 razy
  • Średni wynik to 11 z 14
Statystyki odpowiedzi
Zagadnienie Odpowiedź % Poprawnych
CHWDP to skrót od : CHuj W Dupę Policji
100%
JP to skrót od : Jebac Policję
100%
AGKŚ to skrót od : Arka Gdynia Kurwa Świnia
94%
Konfident oznacza : skarżyciela
94%
PDW to skrót od : Pozdrowienia Do Więzienia
90%
BSNT to skrót od : Braci Się Nie Traci
87%
ACAB to skrót od : All Cops Are Bastards
77%
1312 to liczba od skrótu : ACAB
74%
7 można zastąpić pierwszą literę którego klubu, aby go obrazić : Legia Warszawa
71%
Amica Wronki to określenie na : Lech Poznań
68%
...... Zdech, o którym to klubie? Lech Poznań
61%
Skuter to określenie na klub z : Lublin
61%
WRWE to skrót od : Widzew Ruch Wisła Elana
55%
ŻKS to skrót od : Żydowski Klub Sportowy
48%
Nie znaleziono quizów pasujących do podanych kryteriów
Rozkład punktacji
Procent ludzi z każdym wynikiem
Percentyl według liczby udzielonych odpowiedzi
Twoja historia wyników
Nie rozwiązałeś tego quizu